000 00236nam a2200109Ia 4500
100 _aSalivahanan/S
942 _c#NAME?
245 _aDigital signal processing
260 _bTata Mc Graw hill
_aNew Delhi
082 _a621
300 _a808
999 _c24166
_d24166